00553nam a22001697a 450000500170000001000150001702000260003203500130005803700130007108200060008410000270009024500940011726000450021127000830025630000250033970000190036420160329162855.0 aENG-114898 a9789350097984c350.00 aEN-98430 bDBAD/PUB aS aSambharia, Ratan Kumar aThunder-storm :bDalit stories / cby Ratan Kumar Sambharia ; translated by Mridul Bhasin aGurgaonbHachette Book Publishing c2015 a4th and 5th Floors, Corporate Centre, Plot No.-94,Sector-44,bGurgaon e122003 axii,244p.b22cm(pbk) aBhasin,Mridul